Títulos Valores / (Registro nro. 8308)

Detalles MARC
000 -LEADER
fixed length control field 00631nam a2200205Ia 4500
003 - CONTROL NUMBER IDENTIFIER
control field OSt
005 - DATE AND TIME OF LATEST TRANSACTION
control field 20210817145851.0
008 - FIXED-LENGTH DATA ELEMENTS--GENERAL INFORMATION
fixed length control field 210310s1972 ck gr 001 0 spa d
040 ## - CATALOGING SOURCE
Original cataloging agency CO-JMCR
Transcribing agency CO-JMCR
041 0# - LANGUAGE CODE
Language code of text/sound track or separate title spa
082 04 - DEWEY DECIMAL CLASSIFICATION NUMBER
Classification number 332.632 /
Item number A837t
Edition number 23
110 2# - MAIN ENTRY--CORPORATE NAME
Corporate name or jurisdiction name as entry element Asociación Bancaria de Colombia
9 (RLIN) 8022
245 10 - TITLE STATEMENT
Title Títulos Valores /
Statement of responsibility, etc. Asociación Bancaria de Colombia
260 ## - PUBLICATION, DISTRIBUTION, ETC.
Place of publication, distribution, etc. Bogotá :
Name of publisher, distributor, etc. Asociación Bancaria de Colombia,
Date of publication, distribution, etc. 1972
300 ## - PHYSICAL DESCRIPTION
Extent vii, 99 páginas ;
Dimensions 28 cm.
500 ## - GENERAL NOTE
General note Incluye índice analítico.
505 0# - FORMATTED CONTENTS NOTE
Formatted contents note Títulos valores
650 14 - SUBJECT ADDED ENTRY--TOPICAL TERM
Topical term or geographic name entry element Títulos valores
9 (RLIN) 16906
Geographic subdivision Colombia
942 ## - ADDED ENTRY ELEMENTS (KOHA)
Source of classification or shelving scheme Dewey Decimal Classification
Koha item type Books
Existencias
Withdrawn status Lost status Source of classification or shelving scheme Damaged status Not for loan Collection code Home library Current library Date acquired Source of acquisition Full call number Barcode Date last seen Copy number Koha item type
    Dewey Decimal Classification     Non-fiction Biblioteca Pública José María del Castillo y Rada Biblioteca Pública José María del Castillo y Rada 04/15/2018 Donación 332.632 / A837t 430002898 05/16/2024 Ej.1 Books